Statistics for Countries Closest to Chile - 15 Second Sprint

Click here to take the quiz!

General Stats

  • This quiz has been taken 37 times
  • The average score is 8 of 20

Answer Stats

kmcountrymiles% Correct
928Brazil577
94%
0Peru0
94%
0Argentina0
91%
0Bolivia0
84%
457Paraguay284
78%
1088Uruguay676
78%
1746Ecuador1085
66%
1487Colombia924
56%
2069Venezuela1286
38%
2913Panama1810
25%
2391Guyana1486
19%
2595Suriname1612
16%
3339Aruba2075
13%
3298Curaçao2049
13%
3186Trinidad
and Tobago
1980
13%
3212Costa Rica1996
9%
3399Grenada2112
6%
3525Nicaragua2190
6%
3580Barbados2225
3%
3472St Vincent and
the Grenadines
2157
3%

Score Distribution

Percentile by Number Answered

Percent of People with Each Score

Your Score History

You have not taken this quiz